Informe de la comisión económica. Informe de la comisión jurídica. Report of social and cultural commission

Guardado en:
Bibliografiske detaljer
Format: Texto
Udgivet: Ginebra :
Fag:
Tags: Tilføj Tag
Ingen Tags, Vær først til at tagge denne postø!

MARC

LEADER 00000 a a2200000 04500
001 16466
003
040
090 |a 012400  
245 |a Informe de la comisión económica. Informe de la comisión jurídica. Report of social and cultural commission  
260 |a Ginebra :  
300 |a 33 p  
650 |a DISCRIMINACION RACIAL  
650 |a POBLACION INDIGENA  
999 |c 4920  |d 4920